| 000 | 00622nam a22001817a 4500 | ||
|---|---|---|---|
| 003 | BD-DhUL | ||
| 005 | 20190619150257.0 | ||
| 008 | 190619b1944 ii ||||| |||| 00| 0 urd d | ||
| 040 |
_aBD-DhUL _cBD-DhUL |
||
| 082 |
_a891.438 _bFAI |
||
| 100 | 1 | _aفرحت اللہ بیگ، مرزا | |
| 245 | 1 | 0 |
_aایک نواب صاحب کی ڈائری ارو دوسر ے مضامین / _cمرزا فرحت اللہ بیگ |
| 260 |
_aحیدراباد دکن : _bاشاعت منزل، _c۔۱۹۴۴ |
||
| 300 |
_aص۔ ۳۰۴ ؛ _c۱۸ سم۔ |
||
| 650 | 4 | _aUrdu literature | |
| 650 | 4 | _aUrdu Miscellaneous writings | |
| 942 |
_2ddc _cBK |
||
| 999 |
_c248435 _d248435 |
||